22 irrefutable laws of advertising and when to violate them /

Na minha lista:
Detalhes bibliográficos
Autor principal: Newman, Michael
Formato: online
Idioma:English
Publicado em: Oxford University Press, 2006.
Assuntos:
Tags: Adicionar Tag
Sem tags, seja o primeiro a adicionar uma tag!
Thư viện lưu trữ: Mạng thư viện Đại học Đà Nẵng
LEADER 01000na a2200289 4500
001 000030572
003 4168
005 20250924154448.0
008 151001s2006 000 eng
020 |a 978047821862 
041 |a eng 
082 |a 420.3  |b NE-M 
100 |a Newman, Michael 
245 0 |a 22 irrefutable laws of advertising and when to violate them /  |c Michael Newman. 
260 |a Oxford University Press,  |c 2006. 
300 |a 266p. : ill ; 25cm. 
650 |a Irrefutable advertising laws 
653 |a irrefutable laws  |a advertising 
OWN |a LNN 
AVA |a UDN50  |b LNN  |c English  |d 420.3 NE-M  |e available  |t Error 5001 Not defined in file expand_doc_bib_avail.  |f 1  |g 0  |h N  |i 0  |j AN  |k 1 
999 |a From the UDN01 
AVA |a UDN50  |b LNN  |c English  |d 420.3 NE-M  |e available  |t Error 5001 Not defined in file expand_doc_bib_avail.  |f 1  |g 0  |h N  |i 0  |j AN  |k 1 
TYP |a Printed language 
980 |a Mạng thư viện Đại học Đà Nẵng